00495 a2200181 450000100060000002000180000604000240002410000230004824000310007124500260010230000060012836200090013444000110014365000310015494200070018595201040019299900170029646354 a9788526013551 cAnchieta - Aquarius aMachado, Ana Maria10aNicolão e Nicolinholpor10aNicolão e Nicolinho a 0 a2008 1aGlobal 4aLiteratura infanto-juvenil cBK 00104070a87.1b87.1d2023-11-21l0o028.5 MAC NICp4094/AQUr2023-11-21 15:12:50w2023-11-21yBK c46354d46354